Радиационные аварии
В учебном пособии освещены вопросы причин возникновения, классификации, порядок ликвидации радиационных аварий, порядок ликвидации последствий радиационных аварий, тестовый контроль. Учебное пособие предназначено для студентов медицинских вузов, обучающихся по образовательным программам высшего обра...
Guardado en:
| Autor principal: | |
|---|---|
| Otros Autores: | |
| Formato: | Книга |
| Lenguaje: | Russian |
| Publicado: |
Иркутск
ИГМУ
2020
|
| Acceso en línea: | https://e.lanbook.com/book/213413 https://e.lanbook.com/img/cover/book/213413.jpg |
| Etiquetas: |
Agregar Etiqueta
Sin Etiquetas, Sea el primero en etiquetar este registro!
|
| LEADER | 02031nam0a2200265 i 4500 | ||
|---|---|---|---|
| 001 | 213413 | ||
| 003 | RuSpLAN | ||
| 005 | 20221220174149.0 | ||
| 008 | 221220s2020 ru gs 000 0 rus | ||
| 040 | |a RuSpLAN | ||
| 041 | 0 | |a rus | |
| 044 | |a ru | ||
| 080 | |a 614.878:616 – 001.2 (075.8) | ||
| 084 | |a 51.26я73 |2 rubbk | ||
| 245 | 0 | 0 | |a Радиационные аварии |c Макаров О. А.,Николаева Л. А. |
| 260 | |a Иркутск |b ИГМУ |c 2020 | ||
| 300 | |a 49 с. | ||
| 504 | |a Библиогр.: доступна в карточке книги, на сайте ЭБС Лань | ||
| 520 | 8 | |a В учебном пособии освещены вопросы причин возникновения, классификации, порядок ликвидации радиационных аварий, порядок ликвидации последствий радиационных аварий, тестовый контроль. Учебное пособие предназначено для студентов медицинских вузов, обучающихся по образовательным программам высшего образования – программам специалитета по специальности Медико-профилактическое дело. Рекомендуется использовать материалы учебного пособия для самостоятельной работы студентов, обучающихся по программам специалитета по другим специальностям при изучении раздела «Радиационная гигиена». | |
| 521 | 8 | |a Книга из коллекции ИГМУ - Медицина | |
| 100 | 1 | |a Макаров О. А. | |
| 700 | 1 | |a Николаева Л. А. | |
| 856 | 4 | |u https://e.lanbook.com/book/213413 | |
| 856 | 4 | 8 | |u https://e.lanbook.com/img/cover/book/213413.jpg |
| 953 | |a https://e.lanbook.com/img/cover/book/213413.jpg | ||